[Event "LSS OP-2009-0-00951"]
[Site "LSS email"]
[Date "2009.09.27"]
[Round "?"]
[White "Taszi, Arisztid"]
[Black "Nouveau, Laurent"]
[Result "0-1"]
[WhiteElo "800"]
[BlackElo "1399"]
[PlyCount "26"]
[EventDate "2009.09.21"]
[EventType "tourn (corr)"]
[EventRounds "4"]
[EventCountry "GER"]
[SourceTitle "Corr 2015"]
[Source "ChessBase"]
[SourceDate "2015.07.17"]
[SourceVersion "1"]
[SourceVersionDate "2015.07.17"]
[SourceQuality "1"]

1. d4 d5 2. c4 c6 3. Nc3 Nf6 4. Nf3 e6 5. e3 Nbd7 6. Bd3 Be7 7. 0-0 0-0 8. b3 dxc4 9. bxc4 c5 10. Bb2 cxd4 11. exd4 b6 12. Rc1 Bb7 13. Re1 Rc8 0-1

[Event "LSS OP-2009-0-00903"]
[Site "LSS email"]
[Date "2009.07.23"]
[Round "?"]
[White "Drobotov, Gennady Sergeevich"]
[Black "Taszi, Arisztid"]
[Result "1/2-1/2"]
[WhiteElo "1232"]
[BlackElo "800"]
[PlyCount "33"]
[EventDate "2009.07.16"]
[EventType "tourn (corr)"]
[EventRounds "4"]
[EventCountry "GER"]
[SourceTitle "Corr 2011"]
[Source "ChessBase"]
[SourceDate "2010.08.31"]
[SourceVersion "1"]
[SourceVersionDate "2010.08.31"]
[SourceQuality "1"]

1. d4 Nf6 2. c4 g6 3. Nc3 Bg7 4. e4 d6 5. Be3 0-0 6. f3 e5 7. d5 c6 8. Bd3 Na6 9. Nge2 Bd7 10. 0-0 cxd5 11. cxd5 Nc5 12. Bb5 Bxb5 13. Nxb5 a6 14. Nbc3 b6 15. b4 Ncd7 16. a4 a5 17. b5 1/2-1/2

[Event "LSS OP-2009-0-00903"]
[Site "LSS email"]
[Date "2009.07.23"]
[Round "?"]
[White "Taszi, Arisztid"]
[Black "Rudolf, Michal"]
[Result "0-1"]
[WhiteElo "954"]
[BlackElo "2263"]
[PlyCount "45"]
[EventDate "2009.07.16"]
[EventType "tourn (corr)"]
[EventRounds "4"]
[EventCountry "GER"]
[SourceTitle "Telechess CBM 137"]
[Source "ChessBase"]
[SourceDate "2010.07.15"]
[SourceVersion "1"]
[SourceVersionDate "2010.07.15"]
[SourceQuality "1"]

1. e4 c5 2. d4 cxd4 3. c3 dxc3 4. Nxc3 Nc6 5. Nf3 e6 6. Bc4 Qc7 7. 0-0 Nf6 8. Qe2 Ng4 9. Nb5 Qb8 10. g3 a6 11. Nbd4 Bc5 12. Nxc6 bxc6 13. Bf4 e5 14. Ng5 exf4 15. Bxf7+ Ke7 16. Qxg4 fxg3 17. hxg3 Qxb2 18. Rab1 Qe5 19. Nf3 Qf6 20. Bh5 g6 21. e5 Qf5 22. Qh4+ Ke8 23. Bg4 0-1

[Event "LSS ZN-2009-0-00652"]
[Site "LSS email"]
[Date "2009.06.27"]
[Round "?"]
[White "Evtushenko, Sergey Aleksandrovi"]
[Black "Taszi, Arisztid"]
[Result "1-0"]
[WhiteElo "1736"]
[BlackElo "954"]
[PlyCount "85"]
[EventDate "2009.06.23"]
[EventType "match (corr)"]
[EventRounds "2"]
[EventCountry "GER"]
[SourceTitle "Telechess CBM 137"]
[Source "ChessBase"]
[SourceDate "2010.07.15"]
[SourceVersion "1"]
[SourceVersionDate "2010.07.15"]
[SourceQuality "1"]

1. e4 e5 2. Nf3 Nc6 3. Bb5 a6 4. Ba4 Nf6 5. 0-0 Be7 6. Re1 b5 7. Bb3 d6 8. c3 0-0 9. h3 Na5 10. Bc2 c5 11. d4 Qc7 12. Nbd2 cxd4 13. cxd4 Nc6 14. Nb3 a5 15. Be3 a4 16. Nbd2 Bd7 17. Rc1 Qb7 18. Nf1 Rfe8 19. Ng3 Bd8 20. Bd3 Ba5 21. Rf1 exd4 22. Nxd4 Ne5 23. Ndf5 Ra6 24. Bg5 d5 25. Bxf6 Rxf6 26. Nxg7 Kxg7 27. Nh5+ Kg6 28. exd5+ Nxd3 29. Nxf6 Nxc1 30. Nxe8 Qb8 31. Qxc1 Qxe8 32. Qf4 f6 33. b3 Qe5 34. Qxe5 fxe5 35. bxa4 bxa4 36. Rb1 Kf6 37. Rb7 Ke7 38. g4 Kd6 39. Kg2 h6 40. Kf3 Bd8 41. Ke4 Be8 42. h4 Bg6+ 43. Kf3 1-0

[Event "LSS OP-2009-0-00833"]
[Site "LSS email"]
[Date "2009.05.06"]
[Round "?"]
[White "Taszi, Arisztid"]
[Black "Jokmin, Guido"]
[Result "1-0"]
[WhiteElo "800"]
[BlackElo "834"]
[PlyCount "52"]
[EventDate "2009.05.01"]
[EventType "tourn (corr)"]
[EventRounds "4"]
[EventCountry "GER"]
[SourceTitle "Corr 2011"]
[Source "ChessBase"]
[SourceDate "2010.08.31"]
[SourceVersion "1"]
[SourceVersionDate "2010.08.31"]
[SourceQuality "1"]

1. e4 g6 2. d4 c6 3. Nc3 Bg7 4. f4 d5 5. e5 Bf5 6. Nf3 e6 7. h3 Ne7 8. g4 Be4 9. Nxe4 dxe4 10. Ng5 Qb6 11. Nxe4 Nd7 12. Nd6+ Kf8 13. c3 Nd5 14. c4 Ne7 15. Bg2 f6 16. 0-0 a5 17. c5 Qa6 18. f5 Ng8 19. fxe6 Ke7 20. exd7 Kxd7 21. d5 Ne7 22. dxc6+ bxc6 23. exf6 Bxf6 24. Rxf6 Kc7 25. Bf4 Qa7 26. Nf5+ Kb7 1-0